| 000 | 00399cam a2200181 4500 | ||
|---|---|---|---|
| 001 | D12579 | ||
| 008 | 090401t1941 xxu||||| |||| 00| 0 eng d | ||
| 035 | _a(Sirsi) u4375 | ||
| 041 | _aeng | ||
| 100 | _aDavey, Reginald | ||
| 245 | _aTimber in War-Time | ||
| 250 | _a2nd | ||
| 260 |
_aLondon _bEstates Gazette _c1941 |
||
| 350 | _a0 | ||
| 520 | _aShelf 178 | ||
| 942 | _n0 | ||
| 948 | _c04/03/1997 | ||
| 999 |
_c86019 _d86019 |
||